The Indian woman / (Record no. 145186)

MARC details
000 -LEADER
fixed length control field 00597nam a22001937a 4500
005 - DATE AND TIME OF LATEST TRANSACTION
control field 20170921135636.0
010 ## - LCCN (DPL NO)
LC control number ENG-120473
020 ## - INTERNATIONAL STANDARD BOOK NUMBER
Terms of availability 1995.00
International Standard Book Number 9788183283557
035 ## - SYSTEM CONTROL NUMBER
System control number EN-104005
037 ## - SOURCE OF ACQUISITION
Source of stock number/acquisition DBAD/PUB
082 ## - DEWEY DECIMAL CLASSIFICATION NUMBER
Classification number 305.40954
245 ## - TITLE STATEMENT
Title The Indian woman /
Statement of responsibility, etc edited by Richa Anirudh ;curated by Shobit Arya
260 ## - PUBLICATION, DISTRIBUTION, ETC. (IMPRINT)
Place of publication, distribution, etc New Delhi
Name of publisher, distributor, etc Wisdom Tree
Date of publication, distribution, etc 2014
270 ## - ADDRESS
Address 4779/23,Ansari Road, Darya Ganj
City New Delhi
Postal code 110002
300 ## - PHYSICAL DESCRIPTION
Extent xiii,144p.:
Dimensions 30cm(Hb)
Other physical details ill (col.)
700 ## - ADDED ENTRY--PERSONAL NAME
Personal name Aniruth, Richa
700 ## - ADDED ENTRY--PERSONAL NAME
Personal name Arya,Shobit
942 ## - ADDED ENTRY ELEMENTS (KOHA)
Source of classification or shelving scheme Dewey Decimal Classification
Item type English Books
Classification part 305.40954
Call number suffix THE
Holdings
Withdrawn status Lost status Not for loan Collection code Home library Current library Date acquired Source of acquisition Cost, normal purchase price Full call number Barcode Copy number Cost, replacement price Koha item type
    Not For Loan Non-fiction D.B.Act.Division Bawana 21/09/2017 DBAD/PUB 1995.00 305.40954 THE EN-104005 1 1995.00 English Books

© Delhi Public Library
Hit Counter
free hit counter